LEADER 00935nam a2200205 4500 001 000000340964 003 CaOOAMICUS 005 20200707155435.0 008 200707s1857 it a 000 u ita r 040 $aSeMil$bita 245 00$aVol. 2. 264 1$aTorino :$bSocietà Editrice Italiana,$c1857. 300 $a339 [i.e. 239] p. ;$c23 cm 700 11$aMarmocchi, Francesco Costantino.$0(OLS)http://semarc/name/111711 773 0 $aMarmocchi, Francesco Costantino$tCorso di geografia storica antica, del Medioevo e moderna.$dTorino : Società Editrice Italiana, 1856-1857.$b3. ed. diligentemente corretta ed in gran parte rifusa dall'autore$g2$w()340961 850 $aSeMil 852 $aSeMil$W1$xVenegono$y1$m3XG V 10 FA$j219735$B231972$CSeMilBibl$Z2$F231972 $8I 996 $6245$aVol. 2$9(OLS)http://semarc/title/13458 996 $6264$aTorino :$bSocietà Editrice Italiana$9(OLS)http://semarc/publisher/52690 LEADER 00847nam a2200205 i 4500 001 000000075892 003 CaOOAMICUS 005 20110706000000.0 008 110706s1896 it u000 u ita u 013 $a47064 040 $aSeMil$bita 100 1 $aRomizi, Augusto.$0(OLS)http://semarc/name/37459 245 13$aLe fonti latine dell'Orlando Furioso /$cA. Romizi. 260 $aTorino [etc.] :$bDitta G. B. Paravia e Comp.,$c1896. 300 $a181 p. ;$c19 cm. 650 4$aAriosto, Ludovico <1474-1533> . Orlando furioso.$0(OLS)http://semarc/subject/2204 850 $aSeMil 852 $aSeMil$W1$xVenegono$y1$m1G V 4 FA$j42044$B42044$CSeMilBibl$Z2$F42048 $8I 996 $6245$aLe fonti latine dell'Orlando Furioso$9(OLS)http://semarc/title/123044 996 $6260$aTorino [etc.] :$bDitta G. B. Paravia e Comp.$9(OLS)http://semarc/publisher/35214